Entrada Topical Term
Número de registros utilizados en: 1
001 - CONTROL NUMBER
- control field: 26598
003 - CONTROL NUMBER IDENTIFIER
- control field: OSt
005 - DATE AND TIME OF LATEST TRANSACTION
- control field: 20210920195116.0
008 - FIXED-LENGTH DATA ELEMENTS
- fixed length control field: 860211i| anannbabn |a ana
040 ## - CATALOGING SOURCE
- Original cataloging agency: Icfes
083 ## - DEWEY DECIMAL CLASSIFICATION NUMBER
- Classification number element-single number or beginning number of span: 620
150 ## - HEADING--TOPICAL TERM
- Topical term or geographic name entry element: Ingenieria Urbana
450 ## - SEE FROM TRACING--TOPICAL TERM
- Topical term or geographic name entry element: Ingeniería municipal
550 ## - SEE ALSO FROM TRACING--TOPICAL TERM
- Control subfield: g
- Topical term or geographic name entry element: Ingenieria sanitaria
550 ## - SEE ALSO FROM TRACING--TOPICAL TERM
- Control subfield: g
- Topical term or geographic name entry element: Obras publicas
550 ## - SEE ALSO FROM TRACING--TOPICAL TERM
- Control subfield: g
- Topical term or geographic name entry element: Urbanismo
550 ## - SEE ALSO FROM TRACING--TOPICAL TERM
- Control subfield: h
- Topical term or geographic name entry element: Abastecimiento de agua
550 ## - SEE ALSO FROM TRACING--TOPICAL TERM
- Control subfield: h
- Topical term or geographic name entry element: Alcantarillado
550 ## - SEE ALSO FROM TRACING--TOPICAL TERM
- Control subfield: h
- Topical term or geographic name entry element: Basuras y aprovechamiento de basuras
550 ## - SEE ALSO FROM TRACING--TOPICAL TERM
- Control subfield: h
- Topical term or geographic name entry element: Drenaje
550 ## - SEE ALSO FROM TRACING--TOPICAL TERM
- Control subfield: h
- Topical term or geographic name entry element: Ingenieria sanitaria
550 ## - SEE ALSO FROM TRACING--TOPICAL TERM
- Control subfield: h
- Topical term or geographic name entry element: Urbanismo
670 ## - SOURCE DATA FOUND
- Source citation: LEMB
750 ## - ESTABLISHED HEADING LINKING ENTRY--TOPICAL TERM
- Topical term or geographic name entry element: Municipal engineering